Famous Indian women / (Record no. 150791)

MARC details
000 -LEADER
fixed length control field 00773nam a22002057a 4500
005 - DATE AND TIME OF LATEST TRANSACTION
control field 20180405122938.0
010 ## - LCCN (DPL NO)
LC control number B-690986-687
020 ## - INTERNATIONAL STANDARD BOOK NUMBER
International Standard Book Number 9788184193939
Terms of availability 125.00
035 ## - SYSTEM CONTROL NUMBER
System control number B-690704-705
037 ## - SOURCE OF ACQUISITION
Source of stock number/acquisition Diamond Pocket Books
082 ## - DEWEY DECIMAL CLASSIFICATION NUMBER
Classification number 920
100 ## - MAIN ENTRY--PERSONAL NAME
Personal name Saran, Renu
245 ## - TITLE STATEMENT
Title Famous Indian women /
Statement of responsibility, etc by Renu Saran
260 ## - PUBLICATION, DISTRIBUTION, ETC. (IMPRINT)
Place of publication, distribution, etc New Delhi
Name of publisher, distributor, etc Diamond Pocket Books
Date of publication, distribution, etc 2010
270 ## - ADDRESS
Address X-30, Okhla Industrial Area, Phase-II, New Delhi-110020
City New Delhi
300 ## - PHYSICAL DESCRIPTION
Extent 214p.:
Dimensions 22 cm (pbk)
Other physical details ill.
500 ## - GENERAL NOTE
General note Balidani
942 ## - ADDED ENTRY ELEMENTS (KOHA)
Source of classification or shelving scheme Dewey Decimal Classification
Item type English Books
Call number suffix SAR
Classification part 920
Holdings
Withdrawn status Lost status Not for loan Collection code Home library Current library Date acquired Source of acquisition Cost, normal purchase price Full call number Barcode Copy number Cost, replacement price Koha item type Public note
      Non-fiction Central Library Central Library 05/04/2018 Diamond Pocket Books/16622/06.03.2018/782/19.02.2018/09.03.18 125.00 920 SAR B-690704 1 125.00 English Books Balidani
      Non-fiction Sarojini Nagar Sarojini Nagar 05/04/2018 Diamond Pocket Books/16622/06.03.2018/782/19.02.2018/09.03.18 125.00 920 SAR B-690705 1 125.00 English Books Balidani

© Delhi Public Library
Hit Counter
free hit counter